Vainqueurs de la ligue des champions par années (1956-2024) - Statistiques

Statistiques générales
  • Ce quiz a été pris 136 fois
  • Le résultat moyen est 44 sur 69
Statistiques - réponses
Année Vainqueur % Correct
2024 Real Madrid
99%
2023 Manchester City
98%
2013 Bayern Munich
93%
2022 Real Madrid
93%
2018 Real Madrid
93%
2017 Real Madrid
93%
2016 Real Madrid
93%
2020 Bayern Munich
92%
2021 Chelsea FC
92%
2015 FC Barcelone
92%
2019 Liverpool FC
92%
2014 Real Madrid
92%
2010 Inter Milan
89%
2012 Chelsea FC
88%
2011 FC Barcelone
88%
2004 FC Porto
88%
2009 FC Barcelone
87%
2007 AC Milan
86%
2008 Manchester United
86%
2006 FC Barcelone
82%
1993 Olympique de Marseille
82%
2005 Liverpool FC
80%
2002 Real Madrid
80%
2003 AC Milan
77%
1956 Real Madrid
76%
1958 Real Madrid
73%
2000 Real Madrid
72%
1957 Real Madrid
72%
1960 Real Madrid
70%
1959 Real Madrid
70%
1994 AC Milan
69%
2001 Bayern Munich
67%
1997 Borussia Dortmund
66%
1999 Manchester United
66%
1998 Real Madrid
66%
1991 Étoile rouge de Belgrade
61%
1996 Juventus
60%
1961 Benfica Lisbonne
57%
1995 Ajax Amsterdam
54%
1962 Benfica Lisbonne
54%
1990 AC Milan
53%
1973 Ajax Amsterdam
53%
1972 Ajax Amsterdam
53%
1971 Ajax Amsterdam
53%
1992 FC Barcelone
53%
1989 AC Milan
51%
1979 Nottingham Forest
49%
1980 Nottingham Forest
48%
1976 Bayern Munich
47%
1982 Aston Villa
46%
1963 AC Milan
44%
1975 Bayern Munich
44%
1981 Liverpool FC
44%
1966 Real Madrid
44%
1974 Bayern Munich
42%
1967 Celtic Glasgow
42%
1964 Inter Milan
41%
1988 PSV Eindhoven
41%
1986 Steaua Bucarest
40%
1985 Juventus
38%
1983 Hambourg SV
37%
1965 Inter Milan
37%
1978 Liverpool FC
37%
1977 Liverpool FC
37%
1969 AC Milan
34%
1970 Feyenoord Rotterdam
34%
1968 Manchester United
33%
1987 FC Porto
31%
1984 Liverpool FC
31%
Aucun quiz correspondant
Distribution des résultats
% des personnes avec chaque résultat
Percentile par nombre de réponses
Votre historique - résultats
Vous n’avez pas pris ce quiz